000 00876nas a2200277 4500
001 BR8301592
003 BR-BrBNA
005 20231205085507.0
007 ta
008 230509b bl.|||p| |||| 00| 00por d
040 _aBR-BrBNA
_bpor
_cBiblioteca Nacional de Agricultura
041 _a(Pt)
072 _aF22; F26
100 1 _aFernandes, B.
100 1 _aGalloway, H.M.
100 1 _aBronson, R.D.
100 1 _aMannering, J.V.
245 1 _aInfluencia de sistemas de manejo do solo no fluxo gasoso
_bParte de tese
246 1 _a[Influence of soil management systems on the gaseows flow]
_b[Part of thesis]
650 _aCOMPACTACAO DO SOLO
650 _aPERMEABILIDADE
650 _aAERACAO
773 0 _tRevista Ceres (Brazil)
_xISSN 0034-737X
_g(Mar 1983), v. 30(168) p. 81-92
_wBR8301592
909 _a202311
_bLúcia
_c55
_dLúcia Elande
942 _2AGRIS
_n0
_cANA
999 _c111789
_d111789